Parrocchie e dipendenze di Antigua e Barbuda con mappa - Statistics

Statistiche generali
  • Questo quiz è stato fatto 18 volte
  • Il punteggio medio è 6 su 8
Risposte nella Mappa
Le risposte nella mappa del quiz sottostante sono codificate secondo una scala di colori dal rosso al verde in base alla % di persone che hanno risposto correttamente.
 
Statistiche sulle risposte
Risposta % Corretto
Barbuda
100%
Saint John
83%
Saint George
67%
Saint Mary
67%
Saint Paul
67%
Saint Peter
67%
Redonda
50%
Saint Philip
50%
Nessun quiz corrispondente trovato
Distribuzione punteggi
Percentuale di utenti per punteggio
Percentile per numero di risposta
I tuoi punteggi nel tempo
Non hai fatto questo quiz